Catàleg del material consultable de l'Arxiu Històric de la Cambra Oficial de Comerç, Indústria i Navegació de Barcelona : anys 1886-1936 anys 1886-1936
Descripción Física:
59 p. ; 30 cm
MARC
| LEADER | 00000nam a2200000Ia 4500 | ||
|---|---|---|---|
| 001 | 12265 | ||
| 008 | 160829s1997 xx 000 0 cat d | ||
| 080 | |a A-2-76 | ||
| 110 | 2 | |a Cambra Oficial de Comerç, Indústria i Navegació de Barcelona |9 55031 | |
| 245 | |a Catàleg del material consultable de l'Arxiu Històric de la Cambra Oficial de Comerç, Indústria i Navegació de Barcelona : |b anys 1886-1936 | ||
| 260 | |a Barcelona : |b [la Cambra], |c 1997 | ||
| 300 | |a 59 p. ; |c 30 cm | ||
| 650 | |a Cambra Oficial de Comerç, Indústria i Navegació de Barcelona. Arxiu Històric |x Catàlegs |9 20167 | ||
| 901 | |a Arxiu | ||
| 942 | |n 1 | ||
| 952 | |0 0 |1 0 |4 0 |6 A276 |7 1 |9 41470 |a Arxiu |b Arxiu |d 2016-12-01 |l 0 |o A-2-76 |p 12265 |r 2016-12-01 00:00:00 |w 2016-12-01 |y ARXIU | ||
| 999 | |c 43278 |d 43278 | ||